PROCEEDING OF A CONFERENCE ON Ed by Narongehai Akrasanee and Hans C (Record no. 695186)

MARC details
000 -LEADER
fixed length control field 00994nam a2200289Ia 4500
003 - CONTROL NUMBER IDENTIFIER
control field OSt
005 - DATE AND TIME OF LATEST TRANSACTION
control field 20220927105914.0
008 - FIXED-LENGTH DATA ELEMENTS--GENERAL INFORMATION
fixed length control field 220926b |||||||| |||| 00| 0 eng d
020 ## - INTERNATIONAL STANDARD BOOK NUMBER
International Standard Book Number 9971902478
037 ## - SOURCE OF ACQUISITION
Terms of availability Reference Collections
040 ## - CATALOGING SOURCE
Original cataloging agency RTL
Transcribing agency RTL
Language of cataloging eng
041 ## - LANGUAGE CODE
Source of code eng
Language code of text/sound track or separate title eng
100 ## - MAIN ENTRY--PERSONAL NAME
Personal name Akrasanee Narongchi
9 (RLIN) 375658
111 ## - MAIN ENTRY--MEETING NAME
Meeting name or jurisdiction name as entry element Conference on Asean EEC Economic Relations (1981 : Singapore)
9 (RLIN) 375659
245 #0 - TITLE STATEMENT
Title PROCEEDING OF A CONFERENCE ON Ed by Narongehai Akrasanee and Hans C
260 ## - PUBLICATION, DISTRIBUTION, ETC.
Place of publication, distribution, etc. Singapore
Name of publisher, distributor, etc. Institute of Southeast Asian Studies
Date of publication, distribution, etc. 1982
300 ## - PHYSICAL DESCRIPTION
Extent 387p. Bib p. 377-80
Dimensions cm.
500 ## - GENERAL NOTE
General note "Institute of Southeast Asian Studies, Asian Economic Research Unit Publication"
650 ## - SUBJECT ADDED ENTRY--TOPICAL TERM
Topical term or geographic name entry element Tree Trade
9 (RLIN) 355581
650 ## - SUBJECT ADDED ENTRY--TOPICAL TERM
Topical term or geographic name entry element Economics
942 ## - ADDED ENTRY ELEMENTS (KOHA)
Classification part "X:533.5,h0aV43, M2"
Koha item type
Holdings
Withdrawn status Lost status Damaged status Not for loan Home library Current library Date acquired Total Checkouts Full call number Barcode Date last seen Price effective from Koha item type
        Ratan Tata Library Ratan Tata Library 2022-09-27   "X:533.5,h0aV43 M2" RT0807433 2022-09-27 2022-09-27  
Copyright @ Delhi University Library System